Lt Luchembe coup attempt (Record no. 82266)

MARC details
000 -LEADER
fixed length control field 00840nam a2200181 a 4500
008 - FIXED-LENGTH DATA ELEMENTS--GENERAL INFORMATION
fixed length control field 120416s1991 ||||||||||||||||| || u
050 ## - LIBRARY OF CONGRESS CALL NUMBER
Classification number DT 8779 Chi
100 ## - MAIN ENTRY--PERSONAL NAME
Personal name Chisala, Beatwell S
245 10 - TITLE STATEMENT
Title Lt Luchembe coup attempt
246 ## -
-- Chisala Beatwell S.
250 ## - EDITION STATEMENT
Edition statement 2nd. ed.
260 ## - PUBLICATION, DISTRIBUTION, ETC.
Place of publication, distribution, etc. Lusaka
Name of publisher, distributor, etc. Co-op. Printing
Date of publication, distribution, etc. 1991
300 ## - PHYSICAL DESCRIPTION
Extent iii, 84p. : ill.
350 ## -
-- 0.00
995 ## -
-- BINDERY (DAMAGED)
-- 0.00
-- 722732
-- CBU-MAIN LIBRARY (Kitwe)
-- 1
-- 360.00
-- DT 8779 CHI
-- 1
-- DAMAGED
-- 001691
-- Main Library Open Access Collection
995 ## -
-- SPECIAL COLLECTIONS
-- 0.00
-- 722730
-- CBU-MAIN LIBRARY (Kitwe)
-- 3
-- 360.00
-- ZAM DT 8779 Chi
-- 3
-- AVAILABLE
-- 018647
-- Zambiana Collection
995 ## -
-- MAIN LIBRARY OPEN ACCESS
-- 0.00
-- 722731
-- CBU-MAIN LIBRARY (Kitwe)
-- 4
-- 360.00
-- DT 8779 Chi
-- 4
-- AVAILABLE
-- 018643
-- Main Library Open Access Collection
999 ## -
-- 82266
-- 82266
Holdings
Withdrawn status Lost status Source of classification or shelving scheme Damaged status Not for loan Permanent Location Current Location Shelving location Date acquired Total Checkouts Full call number Barcode Date last seen Copy number Price effective from Koha item type
          CBU-MAIN LIBRARY, KITWE. CBU-MAIN LIBRARY, KITWE.   09/27/2023   DT 8779 Chi 001691 09/27/2023 1 09/27/2023 MONOGRAPH
          CBU-MAIN LIBRARY, KITWE. CBU-MAIN LIBRARY, KITWE.   09/27/2023   DT 8779 Chi 018647 09/27/2023 2 09/27/2023 SPECIAL COLLECTION
          CBU-MAIN LIBRARY, KITWE. CBU-MAIN LIBRARY, KITWE.   09/27/2023   DT 8779 Chi 018643 09/27/2023 3 09/27/2023 MONOGRAPH